Current State of Environmental Burdens in Slovakia
Významný dopad environmentálnych záťaži. Legislatívne, metodické a ekonomické postupy, ktorých implementáciou dochádza k zlepšeniu stavu životného prostredia. Teoretické vymedzenie základnej problematiky environmentálnych záťaží, metódy ich odstraňovania, priblíženie ich štruktúry a počtu na území...
Guardado en:
| Autor principal: | |
|---|---|
| Otros Autores: | |
| Formato: | Capítulo de libro |
| Lenguaje: | inglés |
| Materias: | |
| Etiquetas: |
Sin Etiquetas, Sea el primero en etiquetar este registro!
|
MARC
| LEADER | 00000naa a2200000 4500 | ||
|---|---|---|---|
| 001 | 0260695 | ||
| 005 | 20240502074129.9 | ||
| 041 | 0 | |a eng | |
| 044 | |a SK | ||
| 245 | 1 | 0 | |a Current State of Environmental Burdens in Slovakia |c Slavomíra Stašková, Martin Staško |
| 520 | |a Významný dopad environmentálnych záťaži. Legislatívne, metodické a ekonomické postupy, ktorých implementáciou dochádza k zlepšeniu stavu životného prostredia. Teoretické vymedzenie základnej problematiky environmentálnych záťaží, metódy ich odstraňovania, priblíženie ich štruktúry a počtu na území Slovenskej republiky. | ||
| 610 | 2 | 0 | |a environmentalistika |
| 610 | 2 | 0 | |a prostredie životné |
| 610 | 2 | 0 | |a záťaže environmentálne |
| 610 | 2 | 0 | |a rekultivácia |
| 610 | 2 | 0 | |a Slovensko |
| 610 | 2 | 0 | |a Európska únia |
| 100 | 1 | |a Stašková, Slavomíra, 1989- | |
| 700 | 1 | |a Staško, Martin, 1984- | |